000
00326nam a22001457a 4500
003
SGT
082
_a
658
_b
T16F
100
_a
FOSKETT, DAVID
245
_a
THE THEORY OF HOSPITALITY & CATERING
250
_a
13TH
260
_a
LONDON
_b
HODDER EDUCATION
_c
2016
300
_a
393
650
_a
HOTEL MANAGEMENT
942
_2
ddc
_c
BK
999
_c
12995
_d
12995